[Event "SV Horst-Emscher 1 - Oberhausener SV 2"]
[Site "Verbandsliga - Gr. 2 2019/202"]
[Date "2020.01.19"]
[Round "5.8"]
[White "Rebentisch, Sebastian"]
[Black "Klesse, Alfred"]
[Result "1-0"]
[WhiteElo "1787"]
[BlackElo "1461"]
[PlyCount "89"]
[EventDate "2020.??.??"]
[WhiteTeam "SV Horst-Emscher 1"]
[BlackTeam "Oberhausener SV 2"]

1. e4 c5 2. Nf3 d6 3. d4 cxd4 4. Nxd4 a6 5. Nc3 e6 6. Be3 Nf6 7. Be2 Be7 8. O-O
O-O 9. f4 Nc6 10. Qd2 Nxd4 11. Qxd4 Qc7 12. Rad1 Rd8 13. Qb6 Qxb6 14. Bxb6 Rf8
15. Rd2 Ne8 16. Rfd1 Bd7 17. Bf3 Bc6 18. Ne2 f5 19. Nd4 Bxe4 20. Bxe4 fxe4 21.
Nxe6 Rf6 22. Nc7 Nxc7 23. Bxc7 Rxf4 24. Re2 Raf8 25. g3 R4f5 26. Rxe4 Bd8 27.
Bxd8 Rxd8 28. Red4 Rf6 29. c4 b6 30. b4 h6 31. c5 bxc5 32. bxc5 d5 33. Rxd5
Rxd5 34. Rxd5 Rc6 35. Kf2 Kf7 36. Ke3 Ke6 37. Kd4 Ke7 38. Re5+ Kd7 39. Kd5 Rf6
40. a4 g6 41. c6+ Kc7 42. Re7+ Kb8 43. Re6 Rxe6 44. Kxe6 Kc7 45. Kd5 1-0

[Event "SC Buer-Hassel 1 - SV Recklinghausen-Sü"]
[Site "Verbandsliga - Gr. 2 2019/202"]
[Date "2020.01.19"]
[Round "5.2"]
[White "Bossy, Arnim"]
[Black "Hoefker, Mathias"]
[Result "1-0"]
[WhiteElo "2093"]
[BlackElo "2102"]
[PlyCount "59"]
[EventDate "2020.??.??"]
[WhiteTeam "SC Buer-Hassel 1"]
[BlackTeam "SV Recklinghausen-Süd 1"]

1. d4 e6 2. Bf4 b6 3. e3 Bb7 4. Nf3 f5 5. Nbd2 Nf6 6. Bd3 Be7 7. Qe2 O-O 8. h3
Nd5 9. c3 Nxf4 10. exf4 c5 11. dxc5 Bxc5 12. O-O-O a5 13. Kb1 a4 14. a3 Qe7 15.
Nc4 Na6 16. Rhe1 Nc7 17. Ne3 Nd5 18. Nxd5 Bxd5 19. Rd2 Rac8 20. Bb5 Be4+ 21.
Ka2 Rfd8 22. Red1 d6 23. Ng5 d5 24. f3 Bxa3 25. fxe4 Bxb2 26. Rxb2 Rxc3 27.
exd5 Qa3+ 28. Kb1 Re3 29. dxe6 Rc8 30. Qd2 1-0

[Event "SC Buer-Hassel 1 - SV Recklinghausen-Sü"]
[Site "Verbandsliga - Gr. 2 2019/202"]
[Date "2020.01.19"]
[Round "5.3"]
[White "Herud, Martin"]
[Black "Wolff, Christoph"]
[Result "1-0"]
[WhiteElo "2002"]
[BlackElo "1987"]
[Annotator "Daniel"]
[PlyCount "95"]
[EventDate "2020.??.??"]
[WhiteTeam "SV Recklinghausen-Süd 1"]
[BlackTeam "SC Buer-Hassel 1"]

1. e4 c5 2. Nf3 d6 3. d4 cxd4 4. Nxd4 Nf6 5. Nc3 a6 6. Rg1 e5 7. Nb3 Be6 8. g4
d5 9. exd5 Nxd5 10. Nxd5 Qxd5 11. Be3 Nc6 $11 12. Bg2 Qxd1+ 13. Rxd1 Be7 14.
Nc5 Bc8 15. c3 O-O 16. Nd7 Rd8 17. Bxc6 bxc6 18. Nxe5 Rxd1+ 19. Kxd1 Bd6 20. f4
Be6 21. b3 Rc8 22. Kd2 Bd5 23. Nd3 f6 24. c4 Bf7 25. Bc5 Bc7 26. Re1 Rd8 27.
Kc3 g5 28. f5 Bxh2 29. Be7 Re8 30. Bxf6 Rxe1 31. Nxe1 Bf4 32. Nf3 h5 33. Bxg5
hxg4 34. Bxf4 gxf3 35. Bg3 Kg7 36. Kd4 Kf6 37. Ke4 a5 38. Bh4+ Kg7 39. Kxf3 a4
40. Ke4 axb3 41. axb3 Bh5 42. b4 Be2 43. Kd4 Kf7 44. Kc5 Bd3 45. Kxc6 Bxf5 46.
b5 Be4+ 47. Kd6 Bd3 48. b6 1-0

[Event "SC Buer-Hassel 1 - SV Recklinghausen-Sü"]
[Site "Verbandsliga - Gr. 2 2019/202"]
[Date "2020.01.19"]
[Round "5.4"]
[White "Hammerich, Simon"]
[Black "Callenberg, Ralf"]
[Result "1-0"]
[WhiteElo "2041"]
[BlackElo "1982"]
[PlyCount "55"]
[EventDate "2020.??.??"]
[WhiteTeam "SC Buer-Hassel 1"]
[BlackTeam "SV Recklinghausen-Süd 1"]

1. e4 c5 2. Nf3 d6 3. d4 cxd4 4. Nxd4 Nf6 5. Nc3 a6 6. f3 e5 7. Nb3 Be6 8. Be3
Be7 9. Qd2 Nbd7 10. g4 b5 11. O-O-O Nb6 12. g5 Nh5 13. Nd5 Bxd5 14. exd5 Rc8
15. Na5 Nxd5 16. Qxd5 Qxa5 17. Bh3 Rc4 18. b3 Qa3+ 19. Kb1 Rc3 20. Qa8+ Bd8 21.
Bd4 exd4 22. Rhe1+ Re3 23. Rxe3+ dxe3 24. Qc6+ Kf8 25. Rxd6 g6 26. Rxd8+ Kg7
27. Qc3+ f6 28. Qc7+ 1-0

[Event "SC Buer-Hassel 1 - SV Recklinghausen-Sü"]
[Site "Verbandsliga - Gr. 2 2019/202"]
[Date "2020.01.19"]
[Round "5.5"]
[White "Mecklenburg, Roland"]
[Black "Wiechen, Ulrich"]
[Result "1-0"]
[WhiteElo "1980"]
[BlackElo "1916"]
[PlyCount "71"]
[EventDate "2020.??.??"]
[WhiteTeam "SV Recklinghausen-Süd 1"]
[BlackTeam "SC Buer-Hassel 1"]

1. b3 e5 2. Bb2 Nc6 3. e3 d5 4. Bb5 Qg5 5. Nf3 Qxg2 6. Rg1 Qh3 7. Rg3 Qh6 8.
Nxe5 Nge7 9. Qf3 f6 10. Ng4 Qh4 11. Nxf6+ gxf6 12. Bxf6 Qxh2 13. Bxh8 Bf5 14.
Nc3 Bxc2 15. d3 O-O-O 16. Kd2 Qh6 17. Bf6 Rd6 18. Bxe7 Nxe7 19. Rh1 Qf6 20.
Qxf6 Rxf6 21. Rg2 c6 22. Ba4 a6 23. Kxc2 b5 24. Rxh7 bxa4 25. Nxa4 d4 26. e4 c5
27. Kd2 Ng6 28. Rxg6 Rxg6 29. Ke2 Kd8 30. Rh5 Kc7 31. Nxc5 Rc6 32. b4 a5 33. a3
axb4 34. axb4 Rb6 35. Rh7+ Kc8 36. Nd7 1-0

[Event "SC Buer-Hassel 1 - SV Recklinghausen-Sü"]
[Site "Verbandsliga - Gr. 2 2019/202"]
[Date "2020.01.19"]
[Round "5.6"]
[White "Strohmann, Andreas"]
[Black "Hajra, Hetem"]
[Result "1-0"]
[WhiteElo "1869"]
[BlackElo "1926"]
[PlyCount "47"]
[EventDate "2020.??.??"]
[WhiteTeam "SC Buer-Hassel 1"]
[BlackTeam "SV Recklinghausen-Süd 1"]

1. e4 c5 2. d4 cxd4 3. c3 dxc3 4. Nxc3 d6 5. Bc4 Nc6 6. Nf3 e6 7. O-O a6 8. Qe2
b5 9. Bb3 Na5 10. Bc2 Nf6 11. Rd1 Qc7 12. h3 Be7 13. Bf4 e5 14. Bg5 Be6 15.
Rac1 Bc4 16. Qe3 h6 17. Bh4 Rd8 18. b3 Be6 19. Nd5 Nxd5 20. exd5 Bd7 21. Bxe7
Kxe7 22. Nxe5 Kf8 23. Nxf7 Bf5 24. Nxd8 1-0

[Event "SC Buer-Hassel 1 - SV Recklinghausen-Sü"]
[Site "Verbandsliga - Gr. 2 2019/202"]
[Date "2020.01.19"]
[Round "5.7"]
[White "Parado, Dominador"]
[Black "Hirschberg, Markus"]
[Result "1/2-1/2"]
[WhiteElo "1885"]
[BlackElo "1802"]
[PlyCount "92"]
[EventDate "2020.??.??"]
[WhiteTeam "SV Recklinghausen-Süd 1"]
[BlackTeam "SC Buer-Hassel 1"]

1. Nf3 g6 2. c4 Bg7 3. d4 Nf6 4. Nc3 O-O 5. e4 d6 6. h3 Nbd7 7. Bg5 c5 8. d5
Qa5 9. Qd2 h6 10. Be3 Kh7 11. Bd3 Ng8 12. g4 Ne5 13. Nxe5 dxe5 14. Ke2 Bd7 15.
Rag1 a6 16. f4 b5 17. f5 b4 18. Nd1 Rac8 19. b3 Qb6 20. h4 e6 21. Nf2 Rce8 22.
f6 Nxf6 23. Bxh6 Bxh6 24. g5 Nh5 25. gxh6 exd5 26. cxd5 Qf6 27. Qg5 Rg8 28. Ke1
Qf4 29. Nh3 Bxh3 30. Rxh3 f6 31. Qg2 Qc1+ 32. Kf2 Qd2+ 33. Kf1 Qxg2+ 34. Kxg2
Nf4+ 35. Kh2 Nxh3 36. Kxh3 Kxh6 37. Rc1 Rc8 38. Bxa6 Rc7 39. Bb5 f5 40. d6 Rcc8
41. d7 Rc7 42. Rd1 Rd8 43. Rd5 fxe4 44. Rxe5 Rcxd7 45. Bxd7 Rxd7 46. Rxe4 Rd4
1/2-1/2

[Event "SC Buer-Hassel 1 - SV Recklinghausen-Sü"]
[Site "Verbandsliga - Gr. 2 2019/202"]
[Date "2020.01.19"]
[Round "5.8"]
[White "Lazarev, Vadim"]
[Black "Stahlhofen, Thomas"]
[Result "1-0"]
[WhiteElo "1771"]
[BlackElo "1832"]
[PlyCount "103"]
[EventDate "2020.??.??"]
[WhiteTeam "SC Buer-Hassel 1"]
[BlackTeam "SV Recklinghausen-Süd 1"]

1. e4 e6 2. Nc3 d5 3. exd5 exd5 4. d4 c6 5. Bd3 Bd6 6. Nf3 Bg4 7. h3 Bh5 8. g4
Bg6 9. Bxg6 hxg6 10. Qe2+ Qe7 11. Qxe7+ Kxe7 12. Bd2 Nd7 13. O-O-O Ngf6 14.
Rde1+ Kf8 15. Ne5 Rd8 16. Bf4 Nxe5 17. dxe5 Bc7 18. Bg5 Nd7 19. Bxd8 Bxd8 20.
e6 Nc5 21. exf7 Kxf7 22. Ne2 Ne4 23. f4 Nf2 24. Rhf1 Ba5 25. Nc3 Nxh3 26. Re2
Rh6 27. Na4 Bc7 28. f5 Bf4+ 29. Kd1 gxf5 30. gxf5 b6 31. Rfe1 Bd6 32. Re8 Nf2+
33. Kc1 Bb4 34. Nc3 Ne4 35. Ra8 a5 36. Ra7+ Kf6 37. Nxe4+ dxe4 38. c3 Bc5 39.
Rxe4 Kxf5 40. Re2 g5 41. Rf7+ Kg4 42. Kc2 Rg6 43. b4 axb4 44. cxb4 Bd6 45. a4
Bf4 46. a5 Kf3 47. Re8 g4 48. Ref8 g3 49. Rxf4+ Ke3 50. Rf1 Ke2 51. R1f6 Rg4
52. Re6+ 1-0

[Event "SV Mülheim-Nord 4 - Matt Inn Dortmund 1"]
[Site "Verbandsklasse - Gr. 1 2019/2"]
[Date "2020.01.19"]
[Round "5.1"]
[White "Koenig, Christian"]
[Black "Grodotzki, Kenneth"]
[Result "1/2-1/2"]
[WhiteElo "2068"]
[BlackElo "1985"]
[PlyCount "81"]
[EventDate "2020.??.??"]
[WhiteTeam "Matt Inn Dortmund 1"]
[BlackTeam "SV Mülheim-Nord 4"]

1. e4 e6 2. d4 d5 3. Nc3 Nf6 4. e5 Nfd7 5. f4 c5 6. Nf3 Nc6 7. Be3 a6 8. Qd2 b5
9. dxc5 Bxc5 10. Bxc5 Nxc5 11. Qf2 Qb6 12. Bd3 b4 13. Ne2 a5 14. O-O Ba6 15.
Rad1 Na4 16. Qxb6 Nxb6 17. Ned4 Nxd4 18. Nxd4 O-O 19. Rfe1 Na4 20. Rb1 Rfc8 21.
Kf2 Rc7 22. g4 Bc4 23. Ke3 Nb6 24. b3 Ba6 25. h4 Nd7 26. h5 h6 27. Rg1 Rc3 28.
Rbd1 f6 29. exf6 gxf6 30. g5 hxg5 31. fxg5 f5 32. Ne2 Rc7 33. Rd2 Bxd3 34. cxd3
e5 35. d4 f4+ 36. Kf2 f3 37. Kxf3 Rf8+ 38. Kg4 exd4 39. Nxd4 Ne5+ 40. Kg3 Rc3+
41. Kh2 1/2-1/2

[Event "SV Mülheim-Nord 4 - Matt Inn Dortmund 1"]
[Site "Verbandsklasse - Gr. 1 2019/2"]
[Date "2020.01.19"]
[Round "5.2"]
[White "Schmidt, Kevin"]
[Black "Schulenburg, Pit"]
[Result "1/2-1/2"]
[WhiteElo "1919"]
[BlackElo "2061"]
[PlyCount "84"]
[EventDate "2020.??.??"]
[WhiteTeam "SV Mülheim-Nord 4"]
[BlackTeam "Matt Inn Dortmund 1"]

1. e4 e6 2. d4 a6 3. Bd3 b5 4. Nf3 Nf6 5. O-O Bb7 6. Re1 c5 7. c3 Qc7 8. Nbd2
cxd4 9. cxd4 Nc6 10. Nf1 Nb4 11. Bb1 Rc8 12. Ng3 Nc2 13. Bxc2 Qxc2 14. Qxc2
Rxc2 15. a3 Be7 16. Rb1 O-O 17. Bd2 d5 18. e5 Ne4 19. Be3 f6 20. Rec1 Rfc8 21.
Rxc2 Rxc2 22. Ne1 Rc4 23. Nd3 Nxg3 24. hxg3 a5 25. Kf1 b4 26. axb4 Ba6 27. Ke1
axb4 28. Kd1 Bb5 29. Ra1 Rc6 30. exf6 gxf6 31. Nc1 Bf1 32. Ra7 Kf7 33. Bd2 Rc4
34. Ke1 Bxg2 35. Ne2 b3 36. Bc3 Be4 37. Rb7 Bc2 38. Nc1 Kg6 39. Nxb3 Bd6 40.
Nd2 Rc6 41. Nf3 Kh5 42. Bd2 Bc7 1/2-1/2

[Event "SV Mülheim-Nord 4 - Matt Inn Dortmund 1"]
[Site "Verbandsklasse - Gr. 1 2019/2"]
[Date "2020.01.19"]
[Round "5.3"]
[White "Kromat, Stefan"]
[Black "Dezent, Ilia"]
[Result "1/2-1/2"]
[WhiteElo "1763"]
[BlackElo "1825"]
[PlyCount "80"]
[EventDate "2020.??.??"]
[WhiteTeam "Matt Inn Dortmund 1"]
[BlackTeam "SV Mülheim-Nord 4"]

1. d3 d6 2. e4 c5 3. f4 Nf6 4. Nf3 g6 5. Be2 Bg7 6. O-O O-O 7. Qe1 Nc6 8. c3 b5
9. Qh4 Rb8 10. Kh1 b4 11. Bd1 c4 12. Bc2 bxc3 13. Nxc3 Nb4 14. Bb1 Nxd3 15.
Bxd3 cxd3 16. Rd1 Ba6 17. e5 dxe5 18. fxe5 Nd5 19. Ne4 f6 20. Nc5 Qc8 21. Nxd3
Qc2 22. Rd2 Qc4 23. Qxc4 Bxc4 24. Nc5 Rfc8 25. Ne6 Nb6 26. Nxg7 Kxg7 27. b3 Bf7
28. Ba3 Rb7 29. Rad1 Rbc7 30. exf6+ exf6 31. Rd8 Rxd8 32. Rxd8 g5 33. Bb2 Rc2
34. Rd2 Rxd2 35. Nxd2 Kg6 36. Bd4 Nc8 37. Bc5 f5 38. Nf3 Kf6 39. Nd4 Be8 40. a4
Bd7 1/2-1/2

[Event "SV Mülheim-Nord 4 - Matt Inn Dortmund 1"]
[Site "Verbandsklasse - Gr. 1 2019/2"]
[Date "2020.01.19"]
[Round "5.4"]
[White "Schuermann, Jan"]
[Black "Fork, Raphael"]
[Result "1-0"]
[WhiteElo "1815"]
[BlackElo "1852"]
[PlyCount "37"]
[EventDate "2020.??.??"]
[WhiteTeam "SV Mülheim-Nord 4"]
[BlackTeam "Matt Inn Dortmund 1"]

1. e4 c5 2. Nf3 Nc6 3. Nc3 g6 4. d4 cxd4 5. Nxd4 Bg7 6. Be3 Nf6 7. Bc4 O-O 8.
f3 Qa5 9. Bb3 d6 10. Qd2 Bd7 11. O-O-O Nxd4 12. Bxd4 b5 13. g4 h5 14. g5 Nh7
15. Bxg7 Kxg7 16. Qd4+ Kg8 17. Nd5 e5 18. Ne7+ Kg7 19. Qxd6 1-0

[Event "SV Mülheim-Nord 4 - Matt Inn Dortmund 1"]
[Site "Verbandsklasse - Gr. 1 2019/2"]
[Date "2020.01.19"]
[Round "5.5"]
[White "Schmitz, Martin"]
[Black "Vavro, Maximilian"]
[Result "1-0"]
[WhiteElo "1828"]
[BlackElo "1758"]
[PlyCount "71"]
[EventDate "2020.??.??"]
[WhiteTeam "Matt Inn Dortmund 1"]
[BlackTeam "SV Mülheim-Nord 4"]

1. e4 e6 2. d4 d5 3. e5 c5 4. c3 Nc6 5. Nf3 Qb6 6. Bd3 cxd4 7. cxd4 Bb4+ 8. Nc3
Bd7 9. Bc2 Nge7 10. O-O Rc8 11. Na4 Qc7 12. a3 Ba5 13. b4 b5 14. Nc5 Bb6 15.
Bb2 a5 16. Qd2 Bxc5 17. dxc5 Ng6 18. Rfe1 O-O 19. h4 axb4 20. axb4 Ra8 21. h5
Rxa1 22. Bxa1 Nge7 23. Bc3 Ra8 24. Nh2 d4 25. Bxd4 Nd5 26. Bc3 Ra3 27. Bb2 Ra2
28. Bb3 Rxb2 29. Qxb2 Ncxb4 30. Ra1 Qxc5 31. Ra8+ Bc8 32. Bxd5 Nxd5 33. Qxb5
Qc1+ 34. Nf1 Kf8 35. Qd7 Ne7 36. Qd8# 1-0

[Event "SV Mülheim-Nord 4 - Matt Inn Dortmund 1"]
[Site "Verbandsklasse - Gr. 1 2019/2"]
[Date "2020.01.19"]
[Round "5.7"]
[White "Meinike, Thorsten"]
[Black "Khanzadayev, Sabir"]
[Result "0-1"]
[WhiteElo "1759"]
[BlackElo "1587"]
[PlyCount "122"]
[EventDate "2020.??.??"]
[WhiteTeam "Matt Inn Dortmund 1"]
[BlackTeam "SV Mülheim-Nord 4"]

1. d4 d6 2. c4 Nd7 3. Nc3 Ngf6 4. e4 c5 5. d5 a6 6. f4 g6 7. Nf3 Qc7 8. Bd3 Bg7
9. O-O O-O 10. Bd2 h6 11. Qc2 Nh7 12. Rae1 Nb6 13. e5 Bg4 14. h3 Bxf3 15. Rxf3
dxe5 16. fxe5 Bxe5 17. Bxh6 Bg7 18. Bxg6 fxg6 19. Qxg6 e5 20. Rg3 Rf7 21. Qe6
Kh8 22. Bxg7+ Rxg7 23. Rxg7 Kxg7 24. Rxe5 Nxc4 25. Qe7+ Qxe7 26. Rxe7+ Kg6 27.
Rxb7 Rd8 28. b3 Ne3 29. Rb6+ Kf5 30. Rxa6 Nxd5 31. Nxd5 Rxd5 32. Ra4 Ng5 33.
g4+ Ke5 34. Kg2 Rd2+ 35. Kg3 Rd3+ 36. Kh4 Nxh3 37. Rc4 Kd5 38. a4 Rxb3 39. Rc2
Ra3 40. g5 Nxg5 41. Kxg5 Rxa4 42. Kf5 c4 43. Rd2+ Kc5 44. Rd8 Kb4 45. Ke4 Kc3
46. Rc8 Kc2 47. Ke3 c3 48. Ke2 Rd4 49. Ra8 Rd2+ 50. Ke1 Kb1 51. Rc8 Rc2 52. Rc6
Rc1+ 53. Ke2 Kc2 54. Rd6 Rh1 55. Rb6 Rh2+ 56. Ke1 Kc1 57. Rb3 c2 58. Rb7 Rh3
59. Ke2 Ra3 60. Rb6 Ra2 61. Rb4 Rb2 0-1

[Event "SV Mülheim-Nord 4 - Matt Inn Dortmund 1"]
[Site "Verbandsklasse - Gr. 1 2019/2"]
[Date "2020.01.19"]
[Round "5.8"]
[White "Lehmkau, Steffen"]
[Black "Jelisavac, Nenad"]
[Result "1-0"]
[WhiteElo "1579"]
[BlackElo "1375"]
[PlyCount "75"]
[EventDate "2020.??.??"]
[WhiteTeam "SV Mülheim-Nord 4"]
[BlackTeam "Matt Inn Dortmund 1"]

1. d4 Nf6 2. c4 e6 3. Nf3 d5 4. Nc3 c5 5. cxd5 exd5 6. Bg5 c4 7. Bxf6 gxf6 8.
e3 Be6 9. Be2 Nc6 10. O-O a6 11. a4 Bg7 12. Nd2 f5 13. f4 Rc8 14. Nf3 f6 15.
Qb1 Qe7 16. Nh4 Rd8 17. Bh5+ Kf8 18. Re1 Qd7 19. a5 Ne7 20. Na4 Bf7 21. Nc5 Qc8
22. Bd1 Bg6 23. Bc2 Kf7 24. Ra4 Rd6 25. Rb4 Rc6 26. Ba4 Rxc5 27. dxc5 Qxc5 28.
Rxb7 d4 29. exd4 Qxd4+ 30. Kh1 Bf8 31. Nxf5 Qc5 32. Bc2 Bxf5 33. Bxf5 Kg7 34.
Qe4 Kh6 35. Bh3 Ng6 36. f5 Rg8 37. fxg6 Qg5 38. Rxh7# 1-0

[Event "SF Werden 2 - SF Buer"]
[Site "?"]
[Date "2020.01.19"]
[Round "5"]
[White "Große-Frintrop, Gerd"]
[Black "Gockel, Mirco"]
[Result "1-0"]
[WhiteElo "2009"]
[BlackElo "1911"]
[PlyCount "95"]

1. d4 Nf6 2. c4 e6 3. Nc3 c5 4. d5 exd5 5. cxd5 d6 6. Bg5 g6 7. e3 a6 8. a4 Bg7
9. Nf3 Bg4 10. Be2 O-O 11. O-O Re8 12. a5 Nbd7 13. Ra4 Bxf3 14. Bxf3 h6 15. Bh4
Qc7 16. Be2 Reb8 17. Bg3 b5 18. axb6 Qxb6 19. Ra2 Re8 20. Qc2 c4 21. Na4 Qb3
22. Qxc4 Qxc4 23. Bxc4 Ne4 24. Bd3 Nxg3 25. hxg3 Rec8 26. f4 Rab8 27. Kf2 Rb3
28. Ra3 Rxa3 29. bxa3 a5 30. Rb1 Kf8 31. Rb5 Nc5 32. Nxc5 Rxc5 33. Rxc5 dxc5
34. a4 Ke7 35. g4 Kd6 36. Bc4 g5 37. g3 Bc3 38. Kf3 f6 39. Ke4 Be1 40. Kf5 Bc3
41. e4 Bd4 42. Kg6 Be3 43. Kxf6 gxf4 44. e5+ Kd7 45. e6+ Kd6 46. e7 fxg3 47.
e8=Q Bd4+ 48. Kf5 1-0

[Event "SF Werden 2 - SF Buer"]
[Site "?"]
[Date "2020.01.19"]
[Round "5"]
[White "Bury, Tobias"]
[Black "Schorra, Helmut"]
[Result "1/2-1/2"]
[WhiteElo "1866"]
[BlackElo "2082"]
[PlyCount "33"]
[EventDate "2019.09.06"]
[EventType "simul"]
[EventRounds "2"]

1. Nf3 Nf6 2. g3 d6 3. d4 Bg4 4. Bg2 Nbd7 5. b3 e5 6. dxe5 dxe5 7. O-O c6 8.
Bb2 Qc7 9. Nbd2 Bc5 10. h3 Bxf3 11. Bxf3 e4 12. Nxe4 Nxe4 13. Bxe4 Qxg3+ 14.
Bg2 Qh4 15. e3 O-O-O 16. Qg4 Qe7 17. Rad1 1/2-1/2

[Event "SF Werden 2 - SF Buer"]
[Site "?"]
[Date "2020.01.19"]
[Round "5"]
[White "Wilbert, Siegfried"]
[Black "Blank, Stephan"]
[Result "1-0"]
[WhiteElo "1897"]
[BlackElo "1814"]
[PlyCount "77"]
[EventDate "2019.09.06"]
[EventType "simul"]
[EventRounds "2"]

1. d4 f5 2. Nf3 Nf6 3. b3 e6 4. Bb2 d5 5. e3 Be7 6. Bd3 O-O 7. O-O b6 8. c4 Bb7
9. Nc3 Ne4 10. cxd5 Nxc3 11. Bxc3 Bxd5 12. Qe2 Nd7 13. Rad1 Nf6 14. Ne5 a5 15.
f3 Nd7 16. Nxd7 Qxd7 17. e4 Bb7 18. Rfe1 Bf6 19. Bc4 Kh8 20. a4 f4 21. Qd2 Rad8
22. Re2 Qf7 23. Qb2 Rd7 24. Red2 Rfd8 25. Rd3 Qe7 26. Qd2 c5 27. d5 Bxc3 28.
Qxc3 exd5 29. exd5 Qh4 30. d6 Qh6 31. Qe5 Bc6 32. Be6 Re8 33. Re1 Rdd8 34. Rdd1
Bd7 35. Bxd7 Rxe5 36. Rxe5 Rf8 37. Bb5 Qf6 38. Ree1 Qd8 39. d7 1-0

[Event "SF Werden 2 - SF Buer"]
[Site "?"]
[Date "2020.01.19"]
[Round "5"]
[White "Brixius, Dirk"]
[Black "Renk, Christoph"]
[Result "0-1"]
[WhiteElo "1778"]
[BlackElo "1926"]
[PlyCount "98"]
[EventDate "2019.09.06"]
[EventType "simul"]
[EventRounds "2"]

1. c4 e5 2. Nc3 Nf6 3. d3 d5 4. cxd5 Nxd5 5. Nf3 Nc6 6. g3 Nb6 7. Bg2 Be7 8. a3
a5 9. O-O O-O 10. h3 Re8 11. Kh2 Bf8 12. Ng5 h6 13. Nge4 Nd4 14. e3 Ne6 15. f4
exf4 16. exf4 f5 17. Nf2 Nd4 18. Bd2 Be6 19. Bxb7 Rb8 20. Ba6 Bb3 21. Qh5 Kh7
22. Nb5 Nxb5 23. Qxf5+ g6 24. Qxb5 Nc4 25. Qxe8 Qxe8 26. Bxc4 Bxc4 27. dxc4
Rxb2 28. Rae1 Qc6 29. Ne4 Bxa3 30. Rf2 Bb4 31. Bxb4 Rxf2+ 32. Nxf2 axb4 33.
Re7+ Kg8 34. Ne4 b3 35. Nd2 Qd6 36. Re2 Qd3 37. Rf2 b2 38. Kg2 b1=Q 39. Nxb1
Qxb1 40. Re2 Kf7 41. c5 g5 42. fxg5 hxg5 43. g4 Qb7+ 44. Kg1 Qb3 45. Rf2+ Kg6
46. Kg2 Qd5+ 47. Kh2 Qxc5 48. Rf5 Qd6+ 49. Kg2 c5 0-1

[Event "SF Werden 2 - SF Buer"]
[Site "?"]
[Date "2020.01.19"]
[Round "5"]
[White "Andersen, Knut"]
[Black "Biermann, Klaus"]
[Result "1-0"]
[WhiteElo "1932"]
[BlackElo "1811"]
[PlyCount "59"]
[EventDate "2019.09.06"]
[EventType "simul"]
[EventRounds "2"]

1. d4 d5 2. c4 c6 3. Nf3 Nf6 4. Nc3 e6 5. e3 Nbd7 6. Qc2 Be7 7. b3 O-O 8. Bd3
b6 9. O-O Bb7 10. Bb2 Rc8 11. Ne5 h6 12. f4 c5 13. Qe2 Ne4 14. Bxe4 dxe4 15.
Rad1 Nxe5 16. dxe5 Qc7 17. Nb5 Qb8 18. Rd7 Rfe8 19. Nd6 Bc6 20. Rxe7 Rxe7 21.
f5 exf5 22. Nxf5 Re6 23. Qg4 Rg6 24. Ne7+ Kh7 25. Nxg6 fxg6 26. Rf7 Rf8 27. e6
Rxf7 28. exf7 Qd6 29. Qf4 Qf8 30. Be5 1-0

[Event "SF Werden 2 - SF Buer"]
[Site "?"]
[Date "2020.01.19"]
[Round "5"]
[White "Akcapinar, Yavuz"]
[Black "Seppelfricke, Guido"]
[Result "1/2-1/2"]
[WhiteElo "1790"]
[BlackElo "1868"]
[PlyCount "108"]
[EventDate "2019.09.06"]
[EventType "simul"]
[EventRounds "2"]

1. e4 c5 2. Nc3 Nc6 3. f4 d6 4. Nf3 Nf6 5. Bb5 Bd7 6. O-O a6 7. Bxc6 Bxc6 8. d3
e6 9. Qe1 Be7 10. f5 exf5 11. e5 dxe5 12. Qxe5 O-O 13. Qxf5 Qd7 14. Ne5 Qxf5
15. Rxf5 Be8 16. Bg5 h6 17. Bh4 g5 18. Bf2 Nd7 19. Nd5 Bd8 20. Nxd7 Bxd7 21.
Nf6+ Bxf6 22. Rxf6 Rac8 23. Rxh6 f6 24. h4 Kg7 25. hxg5 fxg5 26. Rd6 Bf5 27.
Re1 Rf7 28. Re5 c4 29. dxc4 Rxc4 30. Bd4 Kh7 31. c3 Rc8 32. Be3 g4 33. g3 Rcf8
34. Bf4 Rg8 35. Re2 Rg6 36. Rh2+ Kg7 37. Be5+ Kf8 38. Rd8+ Ke7 39. Rhh8 Ke6 40.
Bd4 Be4 41. Rh5 Ke7 42. Rhh8 Ke6 43. Rh5 Ke7 44. Rdh8 Re6 45. Re5 Rxe5 46. Bxe5
Rh7 47. Rxh7+ Bxh7 48. Kf2 Ke6 49. Bf4 Kd5 50. Ke3 Bb1 51. a3 Kc4 52. Kd2 Kb3
53. Kc1 Be4 54. Be5 Bf3 1/2-1/2

[Event "SF Werden 2 - SF Buer"]
[Site "?"]
[Date "2020.01.19"]
[Round "5"]
[White "Kreitling, Oliver"]
[Black "Eggebrecht, Jan"]
[Result "1-0"]
[WhiteElo "1888"]
[BlackElo "1675"]
[PlyCount "79"]
[EventDate "2019.09.06"]
[EventType "simul"]
[EventRounds "2"]

1. d4 Nf6 2. c4 c5 3. d5 e6 4. Nc3 exd5 5. cxd5 d6 6. e4 g6 7. Nf3 Bg7 8. Be2
Bg4 9. h3 Bxf3 10. Bxf3 O-O 11. O-O Na6 12. Bf4 Qe7 13. Qd2 Nd7 14. Bg5 Bf6 15.
Bxf6 Nxf6 16. Rfe1 Nd7 17. Be2 Nc7 18. f4 f6 19. Bd3 a6 20. a4 b6 21. Qe2 Kh8
22. Rad1 Rg8 23. h4 Rg7 24. Rd2 a5 25. Qf2 g5 26. hxg5 fxg5 27. f5 Ne8 28. Bb5
Ne5 29. Bxe8 Qxe8 30. Qe2 c4 31. Nb5 Qd7 32. Rc1 Rc8 33. Qe3 Rc5 34. Qd4 Kg8
35. Rc3 Kf7 36. Rdc2 Rg8 37. Qd1 Kf6 38. Qh5 Rg7 39. Qh6+ Kf7 40. Nxd6+ 1-0

[Event "SF Werden 2 - SF Buer"]
[Site "?"]
[Date "2020.01.19"]
[Round "5"]
[White "Mann, Gergely"]
[Black "Altieri, Dennis"]
[Result "1/2-1/2"]
[WhiteElo "1608"]
[BlackElo "1685"]
[PlyCount "89"]
[EventDate "2019.09.06"]
[EventType "simul"]
[EventRounds "2"]

1. d4 d5 2. c4 c6 3. Nf3 Nf6 4. Nc3 e6 5. e3 Bd6 6. Qc2 O-O 7. Bd3 h6 8. O-O
Nbd7 9. Rd1 Re8 10. h3 Qe7 11. b3 e5 12. Nxe5 Nxe5 13. dxe5 Qxe5 14. f4 Qe7 15.
cxd5 cxd5 16. Bb5 Rd8 17. Nxd5 Nxd5 18. Rxd5 Be6 19. Rd1 Rac8 20. Qe2 Bf5 21.
Bd3 Bxd3 22. Rxd3 Bxf4 23. Kh1 Rxd3 24. Qxd3 Qd6 25. Qe2 Be5 26. Bb2 Bxb2 27.
Qxb2 Qd3 28. Rc1 Re8 29. Rc3 Qf1+ 30. Kh2 Qf6 31. Qc2 Qe5+ 32. Kh1 g6 33. Qc1
Re7 34. a4 a6 35. Qd2 Kg7 36. Qc1 Rd7 37. Rc5 Rd1+ 38. Qxd1 Qxc5 39. Qd7 b5 40.
axb5 axb5 41. e4 b4 42. Qd3 Qc3 43. Qd5 Kf6 44. Qd6+ Kg7 45. Qd5 1/2-1/2

[Event "SV Günnigfeld 1 - SF Brackel 4"]
[Site "Verbandsklasse - Gr. 1 2019/2"]
[Date "2020.01.19"]
[Round "5.1"]
[White "Bree, Thomas"]
[Black "Freisen, Thomas"]
[Result "1/2-1/2"]
[WhiteElo "2069"]
[BlackElo "1934"]
[PlyCount "138"]
[EventDate "2020.??.??"]
[WhiteTeam "SF Brackel 4"]
[BlackTeam "SV Günnigfeld 1"]

1. d4 Nf6 2. Bg5 c5 3. Bxf6 exf6 4. e3 Qb6 5. Nc3 cxd4 6. Qxd4 Qxd4 7. exd4 Bb4
8. Nge2 O-O 9. O-O-O Na6 10. Nd5 Bd6 11. g3 Nc7 12. Ne3 Re8 13. Bg2 Rb8 14.
Rhe1 b6 15. Nf5 Bf8 16. Nc3 Ba6 17. a3 g6 18. Ne3 Kg7 19. Ncd5 Nxd5 20. Bxd5
Rbc8 21. Kd2 f5 22. f4 Bd6 23. c3 h5 24. h4 Re7 25. Ng2 Rce8 26. Rxe7 Rxe7 27.
Bf3 Re8 28. Ne3 Bb8 29. Re1 Kf8 30. Bd5 Bd6 31. Bf3 Rc8 32. Rc1 Bb8 33. Bd5 Re8
34. c4 d6 35. b4 Rd8 36. Bc6 Bc8 37. a4 Bc7 38. Ra1 Be6 39. Rb1 Kg7 40. Kd3 Kf8
41. Rb2 Kg7 42. Re2 Kf8 43. d5 Bc8 44. Nc2 a5 45. Kc3 Ba6 46. Nd4 Bc8 47. bxa5
bxa5 48. Rb2 Kg7 49. Nb5 Bb8 50. Kd4 Ba6 51. c5 Bxb5 52. axb5 dxc5+ 53. Kxc5
Bd6+ 54. Kc4 a4 55. b6 a3 56. Re2 Kf8 57. Kb5 Bb8 58. Ka6 Bd6 59. Kb5 Bb8 60.
b7 Bd6 61. Kb6 Bb8 62. Ra2 Bd6 63. Bb5 Ke7 64. Re2+ Kf8 65. Bc6 Bb8 66. Kb5 Bd6
67. Kb6 Bb8 68. Kb5 Bd6 69. Kb6 Bb8 1/2-1/2